000
00335pab a2200145 454500
008
180718b1995 xxu||||| |||| 00| 0 eng d
100
_a
Mubashir Hasan
245
_a
On replacing nationalism
260
_c
1995
300
_a
p.15-16
362
_a
Annual
650
_a
Nationalism - Pakistan
773
_a
Mainstream
909
_a
30098
999
_c
30098
_d
30098